000 00511nam a22002057a 4500
003 dpl
005 20180530143023.0
008 180530b xxu||||| |||| 00| 0 eng d
010 _a785716
020 _c10.25
035 _a785716
040 _c0
082 1 4 _a915.41
100 _aBose, S. C
245 1 _aGeography of the Himalaya
_cby S. C. Bose
260 _aNew Delhi
_bNational Book Trust
_c1976
300 _av, 211p.
_c20cm (Hb)
500 _aIncludes index
942 _adpl
_cEN
_k915.41 / BOS
_2ddc
999 _c152411
_d152411